000 00325nam a22001457a 4500
008 230413b ||||| |||| 00| 0 eng d
020 _a9780314268099
041 _aeng
080 _a34
082 _a34MAS
100 _a31
101 _aJUREDIK
245 _aTEACHER'S MANUAL TO PROPERTY LAW
_cMASSEY.C
942 _2udc
_cBK
999 _c59524
_d59524